Rozvytok rusynsʹkoi͏̈ poezii͏̈ v Slovaččyni vid 20-ch do 90-ch rokiv XX stolittja
| Titel: | Rozvytok rusynsʹkoi͏̈ poezii͏̈ v Slovaččyni vid 20-ch do 90-ch rokiv XX stolittja : (narys istorii͏̈ z portretamy poetiv) / Vasylʹ Choma |
|---|---|
| Verfasser: | |
| Veröffentlicht: | Bratislava : Vyd. Spilky Slovacʹkych Poetiv, 2000 |
| Umfang: | 396 S. : Ill. |
| Format: | Buch |
| Sprache: | Ukrainisch |
| ISBN: | 8080611238 |
alg: 10300974 001A $03004:05-02-02 001B $06055:16-02-26 $t18:09:37.000 001C $06002:05-03-06 $t14:58:09.000 001D $03004:05-02-02 001U $0utf8 001X $00 002@ $0Aau 003@ $0103009744 003O $048739952 $aOCoLC 004A $080-8061-123-8 007A $0103009744 $aHEB 010@ $aukr 011@ $a2000 013H $0z 021A $aRozvytok rusynsʹkoi͏̈ poezii͏̈ v Slovaččyni vid 20-ch do 90-ch rokiv XX stolittja $d(narys istorii͏̈ z portretamy poetiv) $hVasylʹ Choma 028A $#Choma, Vasil $#Choma, Vasilʹ $#Choma, Vasylʹ $#Homa, Vasilʹ $D20231015 $Ecgwrk $7133097404 $8Choma, Vasiľ$Z1927- [Tp3] $9188284710 033A $pBratislava $nVyd. Spilky Slovacʹkych Poetiv 034D $a396 S. 034M $aIll. 044K $RLiteratur $RDas @Lyrische $#Poetry $#Poetry History and criticism $#Lyric poetry $#Poésie $#Poésie lyrique $#Poesia lirica $#Poesía $#Poesía lírica $#Gedicht Lyrik $#Poem Lyrik $#Dichtung Lyrik $#Poesie $#Lyrisches Werk $#Lyrikwerk $#Gedichtwerk $D20251120 $Ecgmnf $74036774-5 $8Lyrik [Tsz] $9085099805 044K $ROstslawische Sprachen $#Ukrainian language $#Ukrainien (langue) $#Lingua ucraina $#Lengua ucraniana $#Ukrainisch $#Ruthenisch Ukrainisch $#Kleinrussisch $D20251120 $Ecgmnf $74120373-2 $8Ukrainisch [Ts1] $908538402X 044K $RUkrainer $#Rusinen $#Rusnaki $#Rusnáci $#Ruthenen Russinen $D20251120 $Ecgmnf $74362982-9 $8Russinen [Ts1] $9088294404 044K $RTschechoslowakei $RTschechoslowakei $#Slowakei $#Slowakei $#Slowakei $#Slowakische Republik (1938-1945) $#Slowakische Republik $#Oberungarn $#Slovensko $#Slovenská Republika $#Slovenská SR $#SSR $#Slovakia $#Slovaquie $#Slovak Republic $#République Slovaque $#Slovenská Socialistická Republika $#Slowakische Sozialistische Republik $#Slovak Socialist Republic $#République Socialiste Slovaque $D20251120 $Ecgmnf $74055297-4 $8Slowakei [Tg1] $9085153834 044K $ROstslawische Sprachen $#Russinisch $#Ruthenisch Rusinisch $#Karpatoukrainisch Rusinisch $#Carpatho-Russian $D20251120 $Ecgmnf $74178735-3 $8Rusinisch [Ts1] $9085848034 045F $a809 $eDDC23BSB 045F/01 $a809 045F/03 $g4373 045G $a800 $eDDC23BSB 045G/01 $a800 045G/03 $g4373 045G/03 $g477 045H $a305.80094373 $eDDC23BSB 045H/01 $a305.8009 045H/03 $g4373 046L $aIn kyrill. Schr., ukrain. 046M $aZsfassung in slowak., rusin. u. engl. Sprache lok: 10300974 24 101B $005-12-02 $t18:05:03.489 101C $005-02-02 145Z/01 $a24 10 E 145Z/02 $a24 10 F 145Z/03 $a24 3 C 145Z/04 $a42 10 G 145Z/05 $a24 10 G 101U $0utf8 exp: 10300974 24 1 #EPN 201B/01 $017-12-02 $t21:36:21.644 201C/01 $005-02-02 203@/01 $0167545361 208@/01 $a05-02-02 $bz 209A/01 $a02.0084 $du $f050 $h02 0084 $x00 209C/01 $a02.0084 G $h02 0084 G 209G/01 $a70394847 $x00 247C/01 $8358050-7Marburg, Bibliothek des Herder-Instituts Marburg $9102600961 201U/01 $0utf8
| LEADER | 00000cam a2200000 c 4500 | ||
|---|---|---|---|
| 001 | 103009744 | ||
| 003 | DE-603 | ||
| 005 | 20260216180937.0 | ||
| 007 | tu | ||
| 008 | 020205s2000 xx |||| | u00||u|ukr c | ||
| 020 | |a 8080611238 | ||
| 035 | |a (DE-599)HEB103009744 | ||
| 035 | |a (OCoLC)48739952 | ||
| 040 | |a DE-603 |b ger |c DE-603 |d DE-603 | ||
| 041 | |a ukr | ||
| 082 | 0 | 4 | |8 1\u |a 809 |q DE-101 |2 23/BSB |
| 083 | 0 | |8 2\u |a 800 |q DE-101 |2 23/BSB | |
| 083 | 0 | |8 3\u |a 305.80094373 |q DE-101 |2 23/BSB | |
| 085 | |8 1\u |b 809 | ||
| 085 | |8 1\u |z 2 |s 4373 | ||
| 085 | |8 2\u |b 800 | ||
| 085 | |8 2\u |z 2 |s 4373 | ||
| 085 | |8 2\u |z 2 |s 477 | ||
| 085 | |8 3\u |b 305.8009 | ||
| 085 | |8 3\u |z 2 |s 4373 | ||
| 100 | 1 | |a Choma, Vasiľ |d 1927- |0 (DE-603)188284710 |0 (DE-588)133097404 |2 gnd | |
| 245 | 0 | 0 | |a Rozvytok rusynsʹkoi͏̈ poezii͏̈ v Slovaččyni vid 20-ch do 90-ch rokiv XX stolittja |b (narys istorii͏̈ z portretamy poetiv) |c Vasylʹ Choma |
| 264 | 1 | |a Bratislava |b Vyd. Spilky Slovacʹkych Poetiv |c 2000 | |
| 300 | |a 396 S. |b Ill. | ||
| 500 | |a Zsfassung in slowak., rusin. u. engl. Sprache | ||
| 546 | |a In kyrill. Schr., ukrain. | ||
| 650 | 7 | |a Lyrik |0 (DE-588)4036774-5 |0 (DE-603)085099805 |2 gnd | |
| 650 | 7 | |a Ukrainisch |0 (DE-588)4120373-2 |0 (DE-603)08538402X |2 gnd | |
| 650 | 7 | |a Russinen |0 (DE-588)4362982-9 |0 (DE-603)088294404 |2 gnd | |
| 650 | 7 | |a Rusinisch |0 (DE-588)4178735-3 |0 (DE-603)085848034 |2 gnd | |
| 651 | 7 | |a Slowakei |0 (DE-588)4055297-4 |0 (DE-603)085153834 |2 gnd | |
| 924 | 0 | |9 Mb 50 |a (DE-603)167545361 |b DE-Mb50 |c HES |d c |g 02.0084 | |


